000 00498nam a2200181Ia 4500
003 GCL
008 140319s9999 xx 000 0 ara d
040 _aGCL /
_cGCL
082 0 4 _aد
_b050
100 1 _aعلى مصطفى مشرفة
245 1 0 _aالعلم والحياة ( اقرا 38 ) /
_cعلى مصطفى مشرفة
300 _a111 ص
490 _aوثائق ونصوص
_v0
650 0 4 _aالعلوم
650 0 4 _aالحياة
650 0 4 _aالاحياء، علم
942 _2ddc
_cCF
999 _c27315
_d27315